书目信息 |
| 题名: |
制冷空调设备维修技巧与禁忌
|
|
| 作者: | 何元季 , 刘晓俊 主编 | |
| 分册: | ||
| 出版信息: | 北京 机械工业出版社 2007 |
|
| 页数: | 293页 | |
| 开本: | 20cm | |
| 丛书名: | 技巧与禁忌系列丛书 | |
| 单 册: | ||
| 中图分类: | TB657.2 | |
| 科图分类: | ||
| 主题词: | 制冷--空气调节设备--维修 | |
| 电子资源: | ||
| ISBN: | 7-111-20414-X | |
| 000 | 00832oam2 2200253 450 | |
| 001 | 0709000024 | |
| 005 | 20070531085229.00 | |
| 010 | @a7-111-20414-X@dCNY19.00 | |
| 100 | @a20050202d2007 ekmy0chiy0120 ea | |
| 101 | 0 | @achi |
| 102 | @aCN@b110000 | |
| 105 | @ak z 000yy | |
| 200 | 1 | @a制冷空调设备维修技巧与禁忌@Azhi leng kong tiao she bei wei xiu ji qiao yu jin ji@f何元季, 刘晓俊主编 |
| 210 | @a北京@c机械工业出版社@d2007 | |
| 215 | @a293页@c表格@d20cm | |
| 225 | 2 | @a技巧与禁忌系列丛书 |
| 330 | @a本书的主要内容讲基础知识,安全操作知识,常用检测仪表及检测操作等内容。 | |
| 461 | 0 | @12001 @a技巧与禁忌系列丛书 |
| 606 | 0 | @a制冷@x空气调节设备@x维修 |
| 690 | @aTB657.2@v4 | |
| 701 | 0 | @a何元季@Ahe yuan ji@4主编 |
| 701 | 0 | @a刘晓俊@Aliu xiao jun@4主编 |
| 801 | 0 | @aCN@bTAOJIN@c20070531 |
| 905 | @a10447@dTB657.2@e161 | |
| 制冷空调设备维修技巧与禁忌/何元季, 刘晓俊主编.-北京:机械工业出版社,2007 |
| 293页:表格;20cm.-(技巧与禁忌系列丛书) |
| ISBN 7-111-20414-X:CNY19.00 |
| 本书的主要内容讲基础知识,安全操作知识,常用检测仪表及检测操作等内容。 |
| ● |
| 相关链接 |
|
|
|
|
正题名:制冷空调设备维修技巧与禁忌
索取号:TB657.2/161
 
预约/预借
| 序号 | 登录号 | 条形码 | 馆藏地/架位号 | 状态 | 备注 |
| 1 | 0523668 | 205236680 | 第二样本阅览室/ [索取号:TB657.2/161] | 在馆 | |
| 2 | 0523669 | 205236699 | 第三借阅区/ [索取号:TB657.2/161] | 在馆 | |
| 3 | 0523670 | 205236706 | 第三借阅区/ [索取号:TB657.2/161] | 在馆 | |
| 4 | 0523671 | 205236715 | 第三借阅区/ [索取号:TB657.2/161] | 在馆 |